| 000 | 00577nam a22001817a 4500 | ||
|---|---|---|---|
| 999 |
_c195584 _d195584 |
||
| 005 | 20230406133644.0 | ||
| 010 | _aENG-136628 | ||
| 020 |
_c800.00 _a9788193278819 |
||
| 035 | _aEN-120160 | ||
| 037 | _bDBAD/PUB | ||
| 082 | _a491.2321 | ||
| 245 | 0 | 0 |
_aAn Encyclopaedic Dictionary Of Sanskrit On Historical Principles/ _cBy J.D Sathe...[et.al] |
| 260 |
_aPune _bDeccan College Post Graduate And Research Institute _c2015 |
||
| 270 |
_aDeemed University _bPune |
||
| 300 |
_alxi,vpp.; _c29cm(hbk) |
||
| 490 | _vThirty One | ||
| 942 |
_2ddc _cEN _mDIC _h497.2321 |
||